[Event "SLO-chT2 East"]
[Site "Slovenia"]
[Date "2013.10.26"]
[Round "4"]
[White "Marguc, Franc"]
[Black "Skuhala, Barbara"]
[Result "1/2-1/2"]
[WhiteElo "1887"]
[BlackElo "1885"]
[PlyCount "60"]
[EventDate "2013.09.07"]
[EventType "team-tourn"]
[EventRounds "9"]
[EventCountry "SLO"]
[SourceTitle "EXT 2015"]
[Source "ChessBase"]
[SourceDate "2014.11.20"]
[SourceVersion "1"]
[SourceVersionDate "2014.11.20"]
[SourceQuality "1"]

1. e4 c5 2. Nf3 d6 3. c3 a6 4. d4 cxd4 5. cxd4 Nf6 6. Nc3 b5 7. a3 Bb7 8. Bd3 Nbd7 9. 0-0 e5 10. dxe5 dxe5 11. Bg5 Be7 12. Qe2 0-0 13. Rfd1 Qe8 14. Rac1 Nh5 15. Be3 Nf4 16. Bxf4 exf4 17. Bb1 Rd8 18. Nd5 Bxd5 19. Rxd5 Nf6 20. Rxd8 Bxd8 21. Qd3 g6 22. h3 Qe6 23. Re1 Ba5 24. b4 Bb6 25. Qd2 Qe7 26. Qc3 Qa7 27. Qc2 Qe7 28. Qc3 Qa7 29. Qc2 Qe7 30. Qc6 Qa7 1/2-1/2

[Event "SLO-chT2 East"]
[Site "Brezice Maribor"]
[Date "2012.09.08"]
[Round "2"]
[White "Marguc, Franc"]
[Black "Bohak, Janko"]
[Result "0-1"]
[WhiteElo "1896"]
[BlackElo "2070"]
[PlyCount "64"]
[EventDate "2012.09.08"]
[EventType "team-tourn"]
[EventRounds "9"]
[EventCountry "SLO"]
[SourceTitle "EXT 2022"]
[Source "ChessBase"]
[SourceDate "2021.10.06"]
[SourceVersion "1"]
[SourceVersionDate "2021.10.06"]
[SourceQuality "1"]

1. e4 g6 2. d4 Bg7 3. Nc3 c6 4. f4 d5 5. e5 h5 6. Bd3 Nh6 7. Nf3 Bf5 8. Bxf5 Nxf5 9. 0-0 e6 10. g3 Nd7 11. Ne2 Bf8 12. b3 b5 13. Qd3 Nb6 14. Bd2 a5 15. Rfc1 Ba3 16. Rd1 0-0 17. Bc1 Be7 18. Bd2 a4 19. Bc3 Qd7 20. Qd2 Ra6 21. Bb4 Rfa8 22. Bxe7 Qxe7 23. Rac1 Nd7 24. c4 axb3 25. axb3 Ra2 26. Qd3 bxc4 27. bxc4 Nb6 28. cxd5 Nxd5 29. Rd2 R2a3 30. Nc3 Qb4 31. Nxd5 cxd5 32. Qc2 Rxf3 0-1

[Event "SLO-chT2 Ost"]
[Site "Slovenia"]
[Date "2010.10.09"]
[Round "8"]
[White "Drnovsek, Nejc"]
[Black "Marguc, Franc"]
[Result "1-0"]
[WhiteElo "2173"]
[BlackElo "1915"]
[PlyCount "103"]
[EventDate "2010.05.29"]
[EventType "team-tourn"]
[EventRounds "9"]
[EventCountry "SLO"]
[SourceTitle "EXT 2022"]
[Source "ChessBase"]
[SourceDate "2021.10.06"]
[SourceVersion "1"]
[SourceVersionDate "2021.10.06"]
[SourceQuality "1"]

1. c4 e6 2. g3 d5 3. Bg2 c6 4. Qc2 Nf6 5. Nf3 Be7 6. 0-0 0-0 7. d4 Nbd7 8. Nbd2 b6 9. e4 dxe4 10. Ne5 Bb7 11. Nxe4 Nxe4 12. Bxe4 Nf6 13. Bxc6 Qc7 14. Bxb7 Qxb7 15. b3 Rad8 16. Bb2 a5 17. Rfe1 Nd7 18. Rad1 Nxe5 19. Rxe5 Bf6 20. Rb5 Qc6 21. d5 exd5 22. Rbxd5 Rxd5 23. Rxd5 Bxb2 24. Qxb2 Re8 25. h3 Qe6 26. Kh2 h6 27. Qd4 Qe2 28. Qxb6 Qxa2 29. Rd8 Rxd8 30. Qxd8+ Kh7 31. Qd3+ g6 32. Kg2 Qa3 33. Qf3 Kg7 34. Qb7 Qc5 35. Qb5 Qd4 36. Qxa5 Qe4+ 37. Kh2 Qf3 38. Qb6 h5 39. Qe3 Qc6 40. h4 f6 41. Qd4 Qb7 42. Qc3 Qb6 43. c5 Qc6 44. b4 Kf7 45. Qc4+ Ke7 46. b5 Qf3 47. Qf4 Qd5 48. b6 g5 49. hxg5 fxg5 50. Qd6+ Qxd6 51. cxd6+ Kxd6 52. f4 1-0

[Event "SLO-chT2 Ost"]
[Site "Slovenia"]
[Date "2010.10.09"]
[Round "7"]
[White "Marguc, Franc"]
[Black "Habjanic, David"]
[Result "1-0"]
[WhiteElo "1915"]
[BlackElo "2125"]
[PlyCount "99"]
[EventDate "2010.05.29"]
[EventType "team-tourn"]
[EventRounds "9"]
[EventCountry "SLO"]
[SourceTitle "EXT 2022"]
[Source "ChessBase"]
[SourceDate "2021.10.06"]
[SourceVersion "1"]
[SourceVersionDate "2021.10.06"]
[SourceQuality "1"]

1. e4 c5 2. Nf3 Nf6 3. Nc3 Nc6 4. d4 d5 5. exd5 Nxd5 6. Nxd5 Qxd5 7. Be3 cxd4 8. Nxd4 Qa5+ 9. c3 e5 10. Nxc6 bxc6 11. Bc4 Ba6 12. Qb3 Bxc4 13. Qxc4 Rc8 14. 0-0 Be7 15. Rfd1 Qc7 16. Rd2 0-0 17. Rad1 Rfd8 18. h3 Rxd2 19. Rxd2 a5 20. a3 g6 21. Qe2 Kg7 22. Qd1 Rd8 23. Rxd8 Bxd8 24. Bc5 Be7 25. Bxe7 Qxe7 26. b4 Qa7 27. Qa4 Qa6 28. Qxa5 Qe2 29. Qc5 Qe4 30. Qe3 Qb1+ 31. Kh2 f6 32. a4 Qa2 33. a5 Qc4 34. g3 h5 35. Qc5 Qe6 36. a6 h4 37. g4 f5 38. a7 Qa2 39. gxf5 gxf5 40. Qxe5+ Kg6 41. Qe3 f4 42. Qxf4 Qxa7 43. Qxh4 Qa2 44. Qg3+ Kh6 45. Qf4+ Kh7 46. h4 Qb3 47. Qe4+ Kg7 48. Qxc6 Qc2 49. Qf3 Qd2 50. h5 1-0

[Event "SLO-chT2 Ost"]
[Site "Slovenia"]
[Date "2010.09.25"]
[Round "6"]
[White "Marguc, Franc"]
[Black "Vehtersbah, Bela"]
[Result "1-0"]
[WhiteElo "1915"]
[BlackElo "1850"]
[PlyCount "55"]
[EventDate "2010.05.29"]
[EventType "team-tourn"]
[EventRounds "9"]
[EventCountry "SLO"]
[SourceTitle "EXT 2022"]
[Source "ChessBase"]
[SourceDate "2021.10.06"]
[SourceVersion "1"]
[SourceVersionDate "2021.10.06"]
[SourceQuality "1"]

1. e4 e5 2. Nf3 Nc6 3. d4 exd4 4. Nxd4 Qf6 5. Be3 Bc5 6. c3 Qg6 7. Qd3 Ne5 8. Qc2 Qb6 9. Be2 Nf6 10. h3 d5 11. exd5 Nxd5 12. Qe4 Nxe3 13. Qxe5+ Be6 14. fxe3 Bxd4 15. exd4 Qxb2 16. Qb5+ Qxb5 17. Bxb5+ c6 18. Bd3 0-0-0 19. 0-0 h6 20. Bf5 Bxf5 21. Rxf5 f6 22. Na3 b5 23. Nc2 Rhe8 24. Kf2 Re4 25. Re1 Rde8 26. Rxe4 Rxe4 27. Rf3 Kd7 28. Re3 1-0

[Event "SLO-chT2 Ost"]
[Site "Slovenia"]
[Date "2010.05.29"]
[Round "1"]
[White "Zajsek, Franc"]
[Black "Marguc, Franc"]
[Result "1/2-1/2"]
[WhiteElo "1848"]
[BlackElo "1915"]
[PlyCount "79"]
[EventDate "2010.05.29"]
[EventType "team-tourn"]
[EventRounds "9"]
[EventCountry "SLO"]
[SourceTitle "EXT 2022"]
[Source "ChessBase"]
[SourceDate "2021.10.06"]
[SourceVersion "1"]
[SourceVersionDate "2021.10.06"]
[SourceQuality "1"]

1. d4 d5 2. c4 e6 3. Nf3 Nf6 4. a3 Be7 5. Nc3 c6 6. e3 0-0 7. Qc2 Nbd7 8. b3 b6 9. cxd5 cxd5 10. Bd3 Bb7 11. 0-0 Rc8 12. Bb2 Ne4 13. Bxe4 dxe4 14. Nd2 f5 15. f4 Nf6 16. Qd1 Nd5 17. Nxd5 Bxd5 18. Rc1 Rxc1 19. Qxc1 Qd7 20. Qb1 Rc8 21. Rc1 b5 22. Rxc8+ Qxc8 23. Qc1 Qxc1+ 24. Bxc1 a6 25. Kf2 Kf7 26. Ke2 h6 27. Kd1 g5 28. g3 g4 29. Kc2 Ke8 30. Nb1 Kd7 31. Bd2 h5 32. Ba5 h4 33. Be1 h3 34. Ba5 Bh4 35. Be1 Be7 36. Kb2 Kc6 37. Nc3 b4 38. Nb1 bxa3+ 39. Nxa3 Bxa3+ 40. Kxa3 1/2-1/2

[Event "SLO-chT2 Ost"]
[Site "Maribor"]
[Date "2009.05.30"]
[Round "2"]
[White "Marguc, Franc"]
[Black "Zajsek, Franc"]
[Result "0-1"]
[WhiteElo "1966"]
[BlackElo "1846"]
[PlyCount "72"]
[EventDate "2009.05.30"]
[EventType "team-tourn"]
[EventRounds "9"]
[EventCountry "SLO"]
[SourceTitle "EXT 2022"]
[Source "ChessBase"]
[SourceDate "2021.10.06"]
[SourceVersion "1"]
[SourceVersionDate "2021.10.06"]
[SourceQuality "1"]

1. e4 c6 2. d4 d5 3. exd5 cxd5 4. Bd3 Nc6 5. c3 Nf6 6. h3 e6 7. Nf3 Be7 8. 0-0 0-0 9. Bf4 a6 10. Nbd2 b5 11. a3 Na5 12. Ne5 Bb7 13. Nb3 Nc4 14. Rb1 Rc8 15. Nd2 h6 16. Re1 Bd6 17. Bg3 Qc7 18. Ndxc4 dxc4 19. Bc2 Bd5 20. Re3 Rcd8 21. Ng4 Nh7 22. Bxd6 Qxd6 23. Bxh7+ Kxh7 24. Ne5 f5 25. f4 Rf6 26. Qh5 Rg8 27. Rg3 g6 28. Qe2 Qe7 29. Kh2 Rg7 30. Re1 Rf8 31. Nf3 Rfg8 32. Qe5 Qf7 33. Qe2 g5 34. Ne5 Qf6 35. fxg5 Rxg5 36. Rxg5 Qxg5 0-1

[Event "Konjice op"]
[Site "Konjice"]
[Date "2009.03.28"]
[Round "4"]
[White "Marguc, Franc"]
[Black "Janzekovic, Klemen Tilen"]
[Result "1/2-1/2"]
[WhiteElo "1966"]
[BlackElo "1791"]
[PlyCount "154"]
[EventDate "2009.03.26"]
[EventType "swiss"]
[EventRounds "9"]
[EventCountry "SLO"]
[SourceTitle "CBM 129 Extra"]
[Source "ChessBase"]
[SourceDate "2009.05.05"]
[SourceVersion "2"]
[SourceVersionDate "2009.05.20"]
[SourceQuality "1"]

1. e4 e5 2. Nf3 Nc6 3. d4 exd4 4. Nxd4 Bc5 5. Be3 Qf6 6. c3 Nge7 7. Nc2 Bxe3 8. Nxe3 d6 9. Bd3 Ne5 10. Bc2 Be6 11. Na3 a6 12. Qe2 N7g6 13. 0-0-0 Nf4 14. Qd2 0-0 15. g3 Nf3 16. Ng4 Bxg4 17. Qxf4 Qxf4+ 18. gxf4 Rfe8 19. Nc4 Nh4 20. Rde1 Bf3 21. Rhg1 Ng2 22. Rxg2 Bxg2 23. Re3 Bf1 24. Nd2 Bb5 25. h4 Re6 26. Nf3 Rg6 27. e5 Re8 28. Bxg6 hxg6 29. exd6 cxd6 30. Nd4 Bd7 31. Kd2 Kh7 32. Rxe8 Bxe8 33. Ke3 Kh6 34. Kf3 Bd7 35. Kg3 Kh5 36. a3 Bg4 37. Nc2 Bd7 38. Nd4 Kh6 39. Nb3 b6 40. Nd2 d5 41. Nf3 f6 42. Nd4 Kh7 43. Nc2 a5 44. Nd4 Kg8 45. Nc2 Kf7 46. Nd4 Ke7 47. Kf3 Kd6 48. Ke3 Kc5 49. Kd3 a4 50. b4+ axb3 51. Nxb3+ Kb5 52. Kd4 Ka4 53. Nd2 Be6 54. Nf1 Kxa3 55. Ng3 Kb3 56. h5 Bf7 57. hxg6 Bxg6 58. f5 Bf7 59. Ne2 Kc2 60. Nf4 Kd2 61. Ne6 g6 62. Nd8 Be8 63. fxg6 Bxg6 64. f4 b5 65. Ne6 Bd3 66. Nc7 Bc4 67. Ne8 f5 68. Nd6 Bd3 69. Nf7 Kc2 70. Nd6 Kd2 71. Nf7 Bc4 72. Nd6 Bd3 73. Nf7 Ke2 74. Nd6 Be4 75. Nxb5 Kf3 76. Ke5 Ke3 77. Nc7 Kf3 1/2-1/2

[Event "SLO-chT2 East"]
[Site "Brezice Maribor"]
[Date "2008.10.18"]
[Round "7"]
[White "Belsak, Zan"]
[Black "Marguc, Franc"]
[Result "1-0"]
[WhiteElo "1732"]
[BlackElo "1966"]
[PlyCount "95"]
[EventDate "2008.10.24"]
[EventType "team-tourn"]
[EventRounds "9"]
[EventCountry "SLO"]
[SourceTitle "EXT 2010"]
[Source "ChessBase"]
[SourceDate "2010.11.25"]
[SourceVersion "1"]
[SourceVersionDate "2010.11.25"]
[SourceQuality "1"]

1. e4 e6 2. d3 d5 3. Nd2 Nc6 4. Ngf3 dxe4 5. dxe4 Be7 6. c3 Nf6 7. Bc4 0-0 8. 0-0 Na5 9. Be2 Bd7 10. Qc2 g6 11. b3 c5 12. Bb2 Rc8 13. Rfd1 Qc7 14. Rac1 Rfd8 15. Qb1 Qb8 16. c4 Nc6 17. Qa1 Ne8 18. Nf1 f6 19. Ne3 e5 20. Nd5 Bf8 21. Rc2 Be6 22. Bc1 Kf7 23. Bd2 Nd6 24. Bd3 Bg4 25. Be3 Nd4 26. Bxd4 cxd4 27. Qc1 b6 28. h3 Be6 29. Nxf6 Kxf6 30. Qg5+ Kg7 31. Qxe5+ Kh6 32. Qxe6 Re8 33. Qg4 Nf7 34. Nxd4 Qe5 35. Nf3 Qf6 36. Re2 Ne5 37. Nxe5 Qxe5 38. Bb1 Bd6 39. g3 Kg7 40. Red2 Rcd8 41. Kg2 h5 42. Qe2 Bc7 43. f4 Qc3 44. Rd7+ Kf8 45. Rxc7 Rxd1 46. Qxd1 Qb2+ 47. Kh1 Re7 48. Qd8+ 1-0

[Event "SLO-chT2 East"]
[Site "Brezice Maribor"]
[Date "2008.05.24"]
[Round "2"]
[White "Marguc, Franc"]
[Black "Vohl, Gregor"]
[Result "0-1"]
[WhiteElo "1966"]
[BlackElo "1706"]
[PlyCount "71"]
[EventDate "2008.10.24"]
[EventType "team-tourn"]
[EventRounds "9"]
[EventCountry "SLO"]
[SourceTitle "EXT 2010"]
[Source "ChessBase"]
[SourceDate "2010.11.25"]
[SourceVersion "1"]
[SourceVersionDate "2010.11.25"]
[SourceQuality "1"]

1. e4 c5 2. Nf3 d6 3. d4 cxd4 4. Nxd4 Nf6 5. Nc3 g6 6. Be3 Bg7 7. Be2 0-0 8. 0-0 a6 9. Qd2 b5 10. a3 Bb7 11. f3 Nbd7 12. Rad1 Rc8 13. Kh1 Ne5 14. Bh6 Nc4 15. Bxc4 Rxc4 16. Bxg7 Kxg7 17. Rfe1 Qb6 18. Qe3 Kg8 19. Nf5 Qc7 20. Ng3 b4 21. axb4 Rxb4 22. b3 Rc8 23. Na2 Rb6 24. Rd2 Nd7 25. f4 Rc6 26. c4 a5 27. Nc3 Qb6 28. Nd5 Qxe3 29. Rxe3 Kf8 30. h4 a4 31. bxa4 Rxc4 32. a5 Bxd5 33. Rxd5 Rc1+ 34. Kh2 Nf6 35. Red3 Nxd5 36. exd5 0-1